Catálogo
 En Linea

Poder y oposición en las sociedades postrevolucionarias / (Registro nro. 14533)

Detalles MARC
000 -CABECERA
campo de control de longitud fija 00814nam a2200265 a 4500
001 - NÚMERO DE CONTROL
campo de control 000014958
005 - FECHA Y HORA DE LA ÚLTIMA TRANSACCIÓN
campo de control 20200929163930.0
008 - DATOS DE LONGITUD FIJA--INFORMACIÓN GENERAL
campo de control de longitud fija 100127s1980 sp 000 0 spa d
020 ## - NÚMERO INTERNACIONAL ESTÁNDAR DEL LIBRO
Número Internacional Estándar del Libro 8472228983
040 ## - FUENTE DE LA CATALOGACIÓN
Centro catalogador/agencia de origen DO-SdBNP
Lengua de catalogación spa
Centro/agencia transcriptor BNPHU
082 ## - NÚMERO DE LA CLASIFICACIÓN DECIMAL DEWEY
Número de clasificación NNNN
Número de documento/Ítem K18p
049 ## - FONDOS LOCALES (OCLC)
Fondos de biblioteca BNGR
245 00 - MENCIÓN DE TÍTULO
Título Poder y oposición en las sociedades postrevolucionarias /
Mención de responsabilidad, etc. K. S. Karol ... [et al.] ; traducción de Juana Bignozzi.
260 ## - PUBLICACIÓN, DISTRIBUCIÓN, ETC.
Lugar de publicación, distribución, etc. Barcelona :
Nombre del editor, distribuidor, etc. Laia,
Fecha de publicación, distribución, etc. 1980.
300 ## - DESCRIPCIÓN FÍSICA
Extensión 278, [7] p. ;
Dimensiones 20 cm.
490 1# - MENCIÓN DE SERIE
Mención de serie Paperback
Designación de volumen o secuencia 49
700 1# - PUNTO DE ACCESO ADICIONAL--NOMBRE DE PERSONA
Nombre de persona Bignozzi, Juana,
Término indicativo de función/relación tr.
9 (RLIN) 33853
700 1# - PUNTO DE ACCESO ADICIONAL--NOMBRE DE PERSONA
Nombre de persona Karol, K. S.,
9 (RLIN) 33854
700 1# - PUNTO DE ACCESO ADICIONAL--NOMBRE DE PERSONA
Nombre de persona Rossanda, R.,
9 (RLIN) 33855
700 1# - PUNTO DE ACCESO ADICIONAL--NOMBRE DE PERSONA
Nombre de persona Singer, D.,
9 (RLIN) 33856
700 1# - PUNTO DE ACCESO ADICIONAL--NOMBRE DE PERSONA
Nombre de persona Pliusc, L.,
9 (RLIN) 33857
700 1# - PUNTO DE ACCESO ADICIONAL--NOMBRE DE PERSONA
Nombre de persona Girardet, G.,
9 (RLIN) 33858
700 1# - PUNTO DE ACCESO ADICIONAL--NOMBRE DE PERSONA
Nombre de persona Marek, F.,
9 (RLIN) 33859
830 #0 - PUNTO DE ACCESO ADICIONAL DE SERIE-TÍTULO UNIFORME
Título uniforme Paperback ;
Designación de volumen o secuencia 49
9 (RLIN) 33860
Existencias
Estado de retiro Estado de pérdida Restricciones de uso No para préstamo Código de colección Localización permanente Ubicación/localización actual Ubicación en estantería Fecha de adquisición Número de inventario Total de préstamos Signatura topográfica completa Código de barras Fecha visto por última vez Precio válido a partir de Tipo de ítem Koha
    Préstamo interno   Monografías: Libros y Folletos General General En catalogación 27.01.2010 LF1   NNNN K18p 14958-10 25.06.2020 25.06.2020 Préstamo interno

Con tecnología Koha